[Event "NOR-ch"]
[Site "Lillehammer"]
[Date "2013.06.29"]
[Round "1"]
[White "Lie, Espen"]
[Black "Lovik, Lasse Ostebo"]
[Result "1-0"]
[WhiteElo "2457"]
[BlackElo "2311"]
[PlyCount "73"]
[EventDate "2013.06.29"]
[EventType "swiss"]
[EventRounds "9"]
[EventCountry "NOR"]
[SourceTitle "CBM 155 Extra"]
[Source "ChessBase"]
[SourceDate "2013.08.26"]
[SourceVersion "1"]
[SourceVersionDate "2013.08.26"]
[SourceQuality "1"]

1. Nf3 e6 2. g3 Nf6 3. Bg2 d5 4. 0-0 b5 5. d4 Be7 6. Ne5 0-0 7. Nd2 Bb7 8. Nb3 a5 9. a4 b4 10. c4 Nbd7 11. Bf4 c6 12. Rc1 Nxe5 13. Bxe5 Bd6 14. Bxf6 Qxf6 15. e4 dxe4 16. Bxe4 Rfd8 17. f4 g6 18. Qf3 Ra6 19. Rfd1 Ba8 20. Qf2 Bf8 21. Bf3 Ra7 22. Kg2 Rad7 23. Rd2 Bg7 24. Rcd1 h5 25. Nxa5 Rxd4 26. Rxd4 Rxd4 27. Rxd4 Qxd4 28. Qxd4 Bxd4 29. Bxc6 Bb6 30. Bxa8 Bxa5 31. c5 Bd8 32. Kf3 Kf8 33. Ke4 b3 34. Kd3 Bf6 35. Kc4 Bxb2 36. a5 f5 37. Kxb3 1-0

[Event "Copenhagen Cand op"]
[Site "Copenhagen"]
[Date "2013.04.26"]
[Round "4"]
[White "Lovik, Lasse Ostebo"]
[Black "Martins, David Pires Tavares"]
[Result "1-0"]
[WhiteElo "2310"]
[BlackElo "2183"]
[PlyCount "145"]
[EventDate "2013.04.24"]
[EventType "swiss"]
[EventRounds "9"]
[EventCountry "DEN"]
[SourceTitle "EXT 2015"]
[Source "ChessBase"]
[SourceDate "2014.11.20"]
[SourceVersion "1"]
[SourceVersionDate "2014.11.20"]
[SourceQuality "1"]

1. g3 e6 2. Bg2 Nf6 3. c4 c5 4. Nf3 Nc6 5. 0-0 Be7 6. Nc3 a6 7. d4 cxd4 8. Nxd4 Qc7 9. b3 0-0 10. Bb2 Rb8 11. Rc1 Nxd4 12. Qxd4 b6 13. Rfd1 Bb7 14. Ne4 Bxe4 15. Bxe4 Rfd8 16. Bb1 Qc5 17. Qh4 h6 18. Qf4 Qh5 19. f3 Rbc8 20. Kh1 d5 21. cxd5 Rxc1 22. Qxc1 Nxd5 23. Be4 Bd6 24. Kg2 Be5 25. Bxd5 Bxb2 26. Be4 Bf6 27. Rxd8+ Bxd8 28. Qc6 Qb5 29. Qc2 g5 30. Bd3 Qa5 31. Qc6 Bf6 32. Qa8+ Kg7 33. Qe4 Qxa2 34. Qh7+ Kf8 35. Qxh6+ Ke7 36. Qh7 Qxb3 37. Bxa6 Qe3 38. Qg8 Bd4 39. Bb5 f5 40. Qe8+ Kf6 41. Qh8+ Ke7 42. Qe8+ Kd6 43. Qd7+ Ke5 44. Qg7+ Kd6 45. Qd7+ Ke5 46. Qg7+ Kd5 47. Qb7+ Kc5 48. Qc6+ Kb4 49. Qc4+ Ka3 50. Qa4+ Kb2 51. Qb4+ Ka1 52. Qe1+ Ka2 53. Bd3 Ka3 54. Qb1 g4 55. fxg4 fxg4 56. Bc4 e5 57. Qd3+ Kb4 58. Qxe3 Bxe3 59. Be6 b5 60. Bxg4 Kc5 61. Kf3 Bh6 62. Be6 Kd4 63. e4 Bd2 64. Bd5 b4 65. Ke2 Bc1 66. Kf3 Bd2 67. Kg4 b3 68. Kf5 b2 69. Ba2 Be1 70. Bb1 Bc3 71. g4 Kc5 72. Ke6 Bd2 73. h4 1-0